<?xml version="1.0" encoding="UTF-8"?><?xml-stylesheet type="text/xsl" href="static/style.xsl"?><OAI-PMH xmlns="http://www.openarchives.org/OAI/2.0/" xmlns:xsi="http://www.w3.org/2001/XMLSchema-instance" xsi:schemaLocation="http://www.openarchives.org/OAI/2.0/ http://www.openarchives.org/OAI/2.0/OAI-PMH.xsd"><responseDate>2026-06-01T09:06:41Z</responseDate><request verb="GetRecord" identifier="oai:riuma.uma.es:10630/45244" metadataPrefix="marc">https://riuma.uma.es/rest/oai/request</request><GetRecord><record><header><identifier>oai:riuma.uma.es:10630/45244</identifier><datestamp>2026-02-07T00:46:14Z</datestamp><setSpec>com_10630_2254</setSpec><setSpec>col_10630_37953</setSpec></header><metadata><record xmlns="http://www.loc.gov/MARC21/slim" xmlns:dcterms="http://purl.org/dc/terms/" xmlns:doc="http://www.lyncode.com/xoai" xmlns:xsi="http://www.w3.org/2001/XMLSchema-instance" xsi:schemaLocation="http://www.loc.gov/MARC21/slim http://www.loc.gov/standards/marcxml/schema/MARC21slim.xsd">
   <leader>00925njm 22002777a 4500</leader>
   <datafield ind2=" " ind1=" " tag="042">
      <subfield code="a">dc</subfield>
   </datafield>
   <datafield ind2=" " ind1=" " tag="720">
      <subfield code="a">Cordero-Lanzac, Tomás</subfield>
      <subfield code="e">author</subfield>
   </datafield>
   <datafield ind2=" " ind1=" " tag="720">
      <subfield code="a">Rosas-Martínez, Juana María</subfield>
      <subfield code="e">author</subfield>
   </datafield>
   <datafield ind2=" " ind1=" " tag="720">
      <subfield code="a">García-Mateos, Francisco José</subfield>
      <subfield code="e">author</subfield>
   </datafield>
   <datafield ind2=" " ind1=" " tag="720">
      <subfield code="a">Ternero-Hidalgo, Juan José</subfield>
      <subfield code="e">author</subfield>
   </datafield>
   <datafield ind2=" " ind1=" " tag="720">
      <subfield code="a">Palomo-Jiménez, José</subfield>
      <subfield code="e">author</subfield>
   </datafield>
   <datafield ind2=" " ind1=" " tag="720">
      <subfield code="a">Rodríguez-Mirasol, José</subfield>
      <subfield code="e">author</subfield>
   </datafield>
   <datafield ind2=" " ind1=" " tag="720">
      <subfield code="a">Cordero-Alcántara, Tomás</subfield>
      <subfield code="e">author</subfield>
   </datafield>
   <datafield ind2=" " ind1=" " tag="260">
      <subfield code="c">2018</subfield>
   </datafield>
   <datafield ind2=" " ind1=" " tag="520">
      <subfield code="a">Different oxidation, reduction and thermal methods are used for selectively obtaining each of the most common surface nitrogen groups (almost isolated) on the surface of a phosphorus-containing activated carbon (ACP), and their electrochemical performance are analyzed. Nitro- and amino- containing activated carbons show defined pseudocapacitive peaks, characteristic of redox processes, which can be associated to the formation of hydroxylamino groups (observed by means of XPS). Condensed structures of nitrogen, such as pyridinic and pyrrolic, additionally improve the ionic diffusion on the carbonaceous structure, increasing the specific capacitance of the carbon electrode up to 317 F g-1. The formation of poly(amido-amine) chains on ACP surface leads to an activated carbon with poor textural properties (ABET = 43 m2 g-1) but surprisingly high surface capacitances (ca. 3256 mF m-2) attributed to an enhancement of the carbon conductivity. Some of the activated carbons are submitted to a severe thermal treatment at 900 ºC, yielding carbons with a developed porous texture, stable surface phosphorus groups and an increased proportion of quaternary nitrogen surface species. These activated carbons exhibit a faster development of the electric double layer, due to the more ordered carbon planes and the presence of charged functional groups.</subfield>
   </datafield>
   <datafield ind1="8" ind2=" " tag="024">
      <subfield code="a">T. Cordero-Lanzac; J.M. Rosas; F.J. García-Mateos; Ternero-Hidalgo; J. Palomo; J. Rodriguez-Mirasol; T. Cordero. 2017. Role of different nitrogen functionalities on the electrochemical performance of activated carbons. Carbon. Elsevier. 126, pp.65-76.</subfield>
   </datafield>
   <datafield ind1="8" ind2=" " tag="024">
      <subfield code="a">https://hdl.handle.net/10630/45244</subfield>
   </datafield>
   <datafield ind1="8" ind2=" " tag="024">
      <subfield code="a">10.1016/j.carbon.2017.09.092</subfield>
   </datafield>
   <datafield tag="653" ind2=" " ind1=" ">
      <subfield code="a">Carbón activado</subfield>
   </datafield>
   <datafield tag="653" ind2=" " ind1=" ">
      <subfield code="a">Adsorción</subfield>
   </datafield>
   <datafield ind2="0" ind1="0" tag="245">
      <subfield code="a">Role of different nitrogen functionalities on the electrochemical performance of activated carbons</subfield>
   </datafield>
</record>
</metadata></record></GetRecord></OAI-PMH>